Pays les plus proches de Mauritius - Mort subite - Statistiques

Statistiques générales
  • Ce quiz a été pris 26 fois
  • Le résultat moyen est 6 sur 15
Answers on the Grid
Answers color-coded by a green-red scale on the quiz's grid according to % correct below.
Seychelles
Madagascar
Comores
Mozambique
Tanzanie
Somalie
Kenya
Maldives
Malawi
Zambie
Zimbabwe
Afrique du Sud
Eswatini
Botswana
Lesotho
Angola
Namibie
République démocratique du Congo
République du Congo
Ouganda
Sud Soudan
Soudan
Éthiopie
Erythrée
Djibouti
République Centrafricaine
Cameroun
Yémen
Oman
Inde
 
Statistiques - réponses
Réponse % Correct
Madagascar
59%
Seychelles
59%
Afrique du Sud
55%
Comores
50%
Mozambique
41%
Malawi
36%
Tanzanie
36%
Eswatini
32%
Kenya
32%
Zambie
32%
Zimbabwe
32%
Lesotho
27%
Botswana
23%
Somalie
23%
Maldives
14%
Aucun quiz correspondant
Distribution des résultats
% des personnes avec chaque résultat
Percentile par nombre de réponses
Votre historique - résultats
Vous n’avez pas pris ce quiz